| 000 | 01177nam a2200277 a 4500 | ||
|---|---|---|---|
| 001 | 42080 | ||
| 003 | BD-RjUL | ||
| 005 | 20211209053505.0 | ||
| 008 | 160609s1977 caua b 001 0 eng | ||
| 020 | _a0520034996 | ||
| 035 | _a(BD-RjUL) | ||
| 040 |
_aDLC _cDLC _dDLC _dBD-RjUL _beng |
||
| 041 | _aeng | ||
| 082 | 0 | 0 |
_a327.52 _223 _bFOR 1977 |
| 245 | 0 | 4 |
_aThe Foreign policy of modern Japan / _cedited by Robert A. Scalapino ; foreword by Edwin O. Reischauer. |
| 260 |
_aBerkeley : _bUniversity of California Press, _cc1977. |
||
| 300 |
_axix, 426 p. : _bill ; _c25 cm. |
||
| 490 | 0 | _aCampus ; 196 | |
| 500 | _aPapers presented at a conference held on Kauai, Hawaii, Jan. 14-18, 1974, and sponsored by the Joint Committee on Japanese Studies of the American Council of Learned Societies and the Social Science Research Council. | ||
| 504 | _aIncludes bibliographical references and index. | ||
| 651 | 0 |
_aJapan _xForeign relations _y1945-1989 _xDecision making _xCongresses. _9129409 |
|
| 651 | 0 |
_aJapan _xForeign economic relations _xCongresses. _9129410 |
|
| 700 | 1 |
_aScalapino, Robert A. _9129411 |
|
| 710 | 2 |
_aJoint Committee on Japanese Studies. _9129412 |
|
| 942 |
_2ddc _cBK |
||
| 999 |
_c42080 _d42080 |
||